000
00306nam a22001217a 4500
020
_a
0-8304-1159-3
082
_a
512.9 STE'F
100
_a
STEIN, ROBERT G
_9
56776
245
_a
FUNDAMENTALS OF COLLEGE ALGEBRA, ALGEBR ACC NO-24811
260
_a
CHICAGO
_b
NELSON HALL
_c
1986
300
_a
421P
942
_c
BK
999
_c
567125
_d
567125